|
|
|
|
| LEADER |
00000cam a2200000 7i4500 |
| 001 |
0000085423 |
| 005 |
20100702.0 |
| 090 |
0 |
0 |
|a 370.154
|b MOH
|
| 100 |
0 |
|
|a Roslan Mustafa
|
| 245 |
1 |
0 |
|a Petua pelajar cemerlang [
|h cd audio] :
|b Dato' Dr. Haji Mohd Fadzilah Kamsah
|c Roslan Mustafa
|
| 260 |
|
|
|a Kuala Lumpur :
|b Telaga Biru Sdn Bhd ,
|c 2002
|
| 300 |
|
|
|a 1 CD music (43 minutes)
|
| 500 |
|
|
|a Library has 3 copies
|
| 520 |
0 |
|
|a General viewing for all ages (U)
|
| 650 |
0 |
0 |
|a Academic achievement
|
| 650 |
0 |
0 |
|a Motivation in education
|
| 999 |
|
|
|a AV 09033
|b CD AUDIO
|c PINJAMAN
|e PERPUSTAKAAN KOMUNITI PETALING JAYA
|
| 999 |
|
|
|a AV 09034
|b CD AUDIO
|c PINJAMAN
|e PERPUSTAKAAN KOMUNITI PETALING JAYA
|
| 999 |
|
|
|a AV 09181
|b CD AUDIO
|c PINJAMAN
|e PERPUSTAKAAN KOMUNITI PETALING JAYA
|